000 01569nam a2200325 a 4500
090 _aIAVH
_b00765 CD-1
041 _aspa
100 _aRodríguez Molina, Gina Marcela
_992461
110 _bFundación Ecosistemas Secos de Colombia
_992462
245 _aCaracterización biológica de dos relictos de hábitat natural del Altiplano cundiboyacense
260 _aBogotá
_bInstituto Alexander von Humboldt
_c2006
300 _a75 p.
520 _aEste estudio desarrollado por la Fundación Ecosistemas Secos de Colombia (ESC) muestra los resultados de la caracterización de vegetación, aves y artópodos del suelo, de dos relictos de hábitat natural del altiplano cundiboyacense, consideradas como prioritarias para la conservación, evidenciando los valores y elementos que sustentan la inclusión de estas áreas dentro del sistema de áreas protegidas andinas.
650 _aFlora
_992293
650 _aAvifauna
_992441
650 _aAves
_992429
650 _aArtópodos
_992463
650 _aOrganismos del suelo
_992464
650 _aRelictos
_992465
650 _aConservación
_992401
650 _aSistema de Areas Protegidas Andinas
_992466
662 _aColombia
_dFúquene
_bCundinamarca
662 _aColombia
_dSimijaca
_bCundinamarca
662 _aColombia
_cAltiplano cundiboyacense
700 _aAlarcón, Gustavo
_992467
700 _aAlvarez, Gustavo
_992468
700 _aBanda, Karina
_992469
945 _d2007-08-16
773 0 _05986
_99704
_a
_b
_dBogotá Informatica documental 2007
_o024802
_tInformes de investigaciones IAVH en PDF
_w
_x
_z
999 _c6004
_d6004